| 000 | 00577nam a22001697a 4500 | ||
|---|---|---|---|
| 005 | 20260218163829.0 | ||
| 008 | 260218b |||||||| |||| 00| 0 eng d | ||
| 020 | _a9789387791299 | ||
| 040 | _cVITAP | ||
| 082 |
_223rd Ed. _a294.561 HIN |
||
| 100 |
_aThe Hindu Group _917059 |
||
| 245 |
_aSree Narayana Guru : The Sage of Sivagiri _c/ The Hindu Group |
||
| 260 |
_aChennai _bTHG (The Hindu Group) Publishing Private Limited _c2018 |
||
| 300 | _a96p. : ill. ; 30cm | ||
| 650 | 0 |
_aSree Narayana Guru - Biography; Religious leaders - India - Biography _917132 |
|
| 942 |
_2ddc _cREF |
||
| 999 |
_c47298 _d47298 |
||